Text and tradition in early modern north india / (Record no. 156748)

MARC details
000 -LEADER
fixed length control field 00771nam a22002177a 4500
005 - DATE AND TIME OF LATEST TRANSACTION
control field 20180831113458.0
010 ## - LCCN (DPL NO)
LC control number ENG-123943
020 ## - INTERNATIONAL STANDARD BOOK NUMBER
International Standard Book Number 9780199478866
Terms of availability 1395.00
035 ## - SYSTEM CONTROL NUMBER
System control number EN-107475
037 ## - SOURCE OF ACQUISITION
Source of stock number/acquisition DBAD/PUB
082 ## - DEWEY DECIMAL CLASSIFICATION NUMBER
Classification number 820.9
245 ## - TITLE STATEMENT
Title Text and tradition in early modern north india /
Statement of responsibility, etc ed..by Tyler Williams; Anshu Malhotra [and] John Stratton Hawley
260 ## - PUBLICATION, DISTRIBUTION, ETC. (IMPRINT)
Date of publication, distribution, etc 2018
Place of publication, distribution, etc New Delhi
Name of publisher, distributor, etc Oxford University Press
270 ## - ADDRESS
Address 2/11, Ground Floor, Ansari Road, Daryaganj,
City New Delhi
Postal code 110002
300 ## - PHYSICAL DESCRIPTION
Dimensions 22cm(Hb)
Extent xlii,448p.
500 ## - GENERAL NOTE
General note It includes about the editors & contributors and index
700 ## - ADDED ENTRY--PERSONAL NAME
Personal name Williams, Tyler
700 ## - ADDED ENTRY--PERSONAL NAME
Personal name Malhotra, Anshu
700 ## - ADDED ENTRY--PERSONAL NAME
Personal name Hawley, John Stratton
942 ## - ADDED ENTRY ELEMENTS (KOHA)
Item type English Books
Source of classification or shelving scheme Dewey Decimal Classification
Classification part 345.540231
Call number suffix TEX
Holdings
Withdrawn status Lost status Not for loan Collection code Home library Current library Date acquired Source of acquisition Cost, normal purchase price Full call number Barcode Copy number Cost, replacement price Koha item type
    Not For Loan Non-fiction D.B.Act.Division Sarojini Nagar 31/08/2018 DBAD/PUB 1395.00 345.540231TEX EN-107475 1 1395.00 English Books

© Delhi Public Library
Hit Counter
free hit counter